National Anthem of United Kingdom - ''God Save the King'' - Statistics

General Stats
  • This quiz has been taken 95 times
  • The average score is 37 of 64
Answer Stats
Answer % Correct
God
100%
save
100%
our
99%
King!
92%
gracious
90%
King!
84%
our
84%
Long
82%
noble
82%
live
81%
and
80%
glorious,
80%
God
80%
King!
80%
save
80%
the
80%
Happy
78%
him
78%
victorious,
78%
Send
77%
God
76%
King!
76%
save
76%
the
76%
Long
72%
over
72%
us,
72%
reign
71%
to
71%
King!
46%
God
44%
save
44%
the
44%
choicest
41%
Thy
41%
gifts
39%
in
39%
store,
39%
And
38%
be
38%
he
38%
he
38%
him
38%
Long
38%
may
38%
May
38%
On
38%
pleased
38%
pour,
38%
reign!
38%
to
38%
defend
37%
ever
37%
give
37%
our
37%
To
37%
us
37%
and
35%
cause,
35%
heart
35%
laws,
35%
sing
35%
voice,
35%
with
35%
No matching quizzes found
Score Distribution
Percent of People with Each Score
Percentile by Number Answered
Your Score History
You have not taken this quiz